000 00642nam a2200229Ia 4500
008 180523s9999 xx 000 0 und d
020 _a981-4058-17-3
050 _aMAIN Q 158.5
050 _b.H49 2000
100 _aHewitt, Paul G.
245 0 _aConceptual physical science /
245 0 _cPaul G. Hewitt, John Suchocki, Leslie A. Hewitt.
250 _a2nd Edition
260 _aSingapore :
260 _bPearson Education South Asia,
260 _c2000
300 _a781 pages :
300 _billustrations ;
300 _c25 cm.
500 _aIncludes bibliographical references and index.
650 _aPhysical sciences.
999 _c357413
_d357413